000 01588nam0a2200349 i 4500
001 RU\NLR\bibl\1991276
005 20260409065529.0
010 _a9785811247233
_92500
021 _aRU
_b2012-100543
_97417
035 _a(NLR Aleph) 001979801
090 _a4073973
_c4073973
100 _a20130123d2012 u y0rusy50 ca
101 0 _arus
_aeng
102 _aRU
105 _ay |||||||||
200 1 _aГрамматика английского языка
_dA grammar of the english language
_e[пособие для студентов педагогических институтов]
_fВ.Л. Каушанская, Р.Л. Ковнер, О.Н. Кожевникова [и др.]
_gпод ред. проф. Е.В. Ивановой
_zeng
205 _a6-е изд.
210 _aМосква
_cАйрис-пресс
_d2012
215 _a381 с.
_d22
225 1 _aВысшее образование
510 1 _aGrammar of the english language
_zeng
606 _aАнглийский язык
_xГрамматика
_jУчебные издания для высших учебных заведений
_3RU\NLR\auth\6644367
_9969198
686 _aШ143.21-93рус3-2
701 1 _aКаушанская
_bВ. Л.
_4070
701 1 _aКовнер
_bР. Л.
_4070
701 1 _aКожевникова
_bО. Н.
_4070
702 1 _4340
_8rus
_7ca
_aИванова
_bЕ. В.
_cд-р филол. наук
_f1954-
_gЕлизавета Васильевна
_3RU\NLR\auth\7744621
_927561
801 0 _aRU
_bNLR
_c20130123
_gRCR
801 1 _aRU
_bNLR
_c20130123
942 _cBOOK
980 _aNBR